000 00650nam a2200217 4500
003 OSt
005 20240703021506.0
006 a
008 240703b |||||||| |||| 00| 0 eng d
020 _a9789710445325
040 _aDWCL-Main lib.
_cOC
082 _aFil. 796.345 C698 2009
100 _aNenita J. Dimapilis
245 _aCollege physical education 3 : individual and dual sport /
260 _aManila :
_bMindshapers Co., Inc.,
_cc2009.
300 _axii,
_b170 p. : ill. ;
_c23 cm.
504 _aIncludes bibliographical references.
650 _a1. Badminton.
650 _a2. Physical education.
942 _2ddc
_n0
_cBK - FIL
_kFil.
999 _c1854
_d1854